00616 2200193 4500001002100000005001500021035002000036007000300056008003900059082001000098084001600108100002700124245014100151260005300292300004200345650001100387600001100398022001300409INLIS00000000000096020240911080517 a0010-0924000038ta240911 | | |  a633.1 a633.1 NAZ r0 aNazli Z Uludere Aragon1 aRole of land quality in corn acreage response to price and policy changes: evidence from the Western Corn Belt /cNazli Z Uludere Aragon aUnited Kingdom, Bristol :bIOP Publishing,c2019 a1-15 hlm, :bilus, ;c21 cm X 29,5 cm 4aJurnal 4aJagung a25157620